Unusual animal-plant interaction (Registro nro. 13714)

Detalles MARC
000 -CABECERA
Campo de control 005070000a22001570004500
090 ## - CLASIFICACIÓN LOCAL
Colección AR
Consecutivo 04614
041 0# - IDIOMA
Código de idioma para texto/pista de sonido o título separado
100 1# - ASIENTO PRINCIPAL--NOMBRE PERSONAL
Nombre personal Rico Gray, Victor
245 10 - MENCION DE TITULO
Título Unusual animal-plant interaction
Version feeding of schomburgkia tibicinis (Orchidaceae) by ants
700 1# - ASIENTO SECUNDARIO - NOMBRE PERSONAL
Nombre personal Barber, John T.
700 1# - ASIENTO SECUNDARIO - NOMBRE PERSONAL
Nombre personal Thien, Leonard B.
700 1# - ASIENTO SECUNDARIO - NOMBRE PERSONAL
Nombre personal Ellgaard, Erik G.
700 1# - ASIENTO SECUNDARIO - NOMBRE PERSONAL
Nombre personal Toney, Jeffrey J.
773 1# - Item fuente:
Título American Journal of Botany
Descripción física 4
Paginas del Articulo 603-608 p.
Lugar, editorial y fecha de publicación 1989
Información sobre la relación 76
942 ## - ELEMENTOS ADICIONALES (KOHA)
Tipo de ítem Artículo
Existencias
Withdrawn status Lost status Damaged status No para préstamo Colección Ubicación Permanente Ubicación actual Fecha de adquisición Datos de publicación Seriada Total Checkouts Número topográfico Inventario / Código de Barras Date last seen Ejemplar Price effective from Forma de adquisición Tipo de material
      No para Préstamo Hemeroteca Bogotá Bogotá 12/03/2010 Fuera de circulación   AR 04614 027967 25/03/2015 1 25/03/2015   Artículo